Statistics for Name a Valid City by Location #2

Click here to take the quiz!

General Stats

  • This quiz has been taken 993 times
  • The average score is 10 of 16

Answer Stats

LocationCity% Correct
Northern IrelandBelfast, Derry...
93%
Saudi ArabiaRiyadh, Jeddah...
90%
HispaniolaPort-au-Prince, Santo Domingo...
85%
ParaguayAsuncion, Ciudad del Este...
79%
Sri LankaColombo, Dehiwala...
78%
TanzaniaDar es Salaam, Mwanza...
73%
Puerto RicoSan Juan, Bayamon...
71%
QueenslandBrisbane, Gold Coast...
69%
Cook County, ILChicago, Elgin...
68%
New HampshireManchester, Nashua...
62%
Jutland PeninsulaAarhus, Aalborg...
50%
CrimeaSevastopol, Simferopol...
48%
KyushuFukuoka, Kitakyushu...
46%
Solomon IslandsHoniara
40%
Western SaharaLaayoune, Dakhla...
18%
Jammu and KashmirSrinagar, Jammu...
17%

Score Distribution

Percentile by Number Answered

Percent of People with Each Score

Your Score History

You have not taken this quiz